000 00954nam a22002294a 4500
999 _c20301
_d20301
005 20190515142522.0
008 060927s2007 ii a b 001 0 eng
010 _aB-272349-379
020 _a9788189632076
_c250.00
020 _a8189632078
_c250.00
035 _aB-272349-379,B-272368
037 _aAakar/I-104/2.6.08/32/16.5.08/11.6.08
040 _adpl
_bEnglish
082 _aS
245 _aKahani:
_bshort stories by Pakistani Women /
_cedited by Aamer Hussein
260 _aNew Delhi
_bStanza
_c2007
300 _a170p.
_c20 cm (pbk)
504 _aIncludes glossary and bibliographical references
942 _2ddc
_cEN
_hS
_mKAH